[Event "ODJM B 2018"]
[Site "Willingen GER"]
[Date "2018.05.20"]
[Round "2"]
[White "Uhlendorff, Luca"]
[Black "Brockmeyer, Tobias"]
[Result "0-1"]
[Termination "normal"]
[Board "10"]
[WhiteElo "1590"]
[BlackElo "1688"]
[WhiteClock "00:00:43"]
[BlackClock "00:08:18"]
[PlyCount "109"]
[WhiteFideId "16221923"]
[BlackFideId "12982385"]
[EventCountry "GER"]
[EventRounds "9"]
[EventType "swiss"]
[EventDate "2018.05.19"]

1. e4 {[%clk 1:30:53]} 1... e6 {[%clk 1:30:59]} 2. Nc3 {[%clk 1:30:52]} 2... d5
{[%clk 1:30:11]} 3. g3 {[%clk 1:30:56]} 3... c5 {[%clk 1:26:13]} 4. Bg2 { [%clk
1:31:12]} 4... Nf6 {[%clk 1:23:05]} 5. d3 {[%clk 1:28:44]} 5... Be7 { [%clk
1:16:29]} 6. e5 {[%clk 1:27:05]} 6... Nfd7 {[%clk 1:16:51]} 7. Nf3 { [%clk
1:26:28]} 7... Nc6 {[%clk 1:15:42]} 8. Qe2 {[%clk 1:26:49]} 8... b6 { [%clk
1:13:18]} 9. O-O {[%clk 1:26:43]} 9... Bb7 {[%clk 1:13:01]} 10. a4 { [%clk
1:24:48]} 10... a6 {[%clk 1:10:04]} 11. h4 {[%clk 1:20:42]} 11... Nb4 { [%clk
0:59:58]} 12. Bf4 {[%clk 1:19:05]} 12... Qc7 {[%clk 0:56:23]} 13. Nd1 { [%clk
1:15:09]} 13... d4 {[%clk 0:42:25]} 14. b3 {[%clk 1:10:54]} 14... Nd5 { [%clk
0:41:48]} 15. Bd2 {[%clk 1:10:03]} 15... Nb8 {[%clk 0:35:00]} 16. Ng5 { [%clk
1:03:24]} 16... Bxg5 {[%clk 0:26:44]} 17. hxg5 {[%clk 1:02:53]} 17... Ne7
{[%clk 0:25:30]} 18. Bh3 {[%clk 1:01:24]} 18... Nbc6 {[%clk 0:24:33]} 19. f4 {
[%clk 1:00:28]} 19... O-O-O {[%clk 0:20:26]} 20. Nf2 {[%clk 1:00:08]} 20... Nf5
{[%clk 0:13:13]} 21. Ne4 {[%clk 0:56:52]} 21... Nce7 {[%clk 0:12:39]} 22. g4 {
[%clk 0:54:34]} 22... Bxe4 {[%clk 0:12:19]} 23. dxe4 {[%clk 0:46:15]} 23... d3
{[%clk 0:11:03]} 24. Qd1 {[%clk 0:31:17]} 24... dxc2 {[%clk 0:09:06]} 25. Qxc2
{[%clk 0:31:18]} 25... Nd4 {[%clk 0:08:48]} 26. Qc4 {[%clk 0:23:02]} 26... Qb7
{[%clk 0:03:29]} 27. a5 {[%clk 0:13:12]} 27... Qxe4 {[%clk 0:02:20]} 28. Qxa6+
{[%clk 0:13:13]} 28... Qb7 {[%clk 0:02:12]} 29. Qc4 {[%clk 0:12:27]} 29... Nf3+
{[%clk 0:01:14]} 30. Rxf3 {[%clk 0:11:55]} 30... Rxd2 {[%clk 0:00:56]} 31. Bg2
{[%clk 0:10:42]} 31... Rd4 {[%clk 0:01:04]} 32. Qc2 {[%clk 0:10:21]} 32... Qa6
{[%clk 0:00:54]} 33. Ra2 {[%clk 0:09:58]} 33... Rhd8 {[%clk 0:00:41]} 34. axb6
{[%clk 0:10:00]} 34... Qxb6 {[%clk 0:01:04]} 35. Rc3 {[%clk 0:09:08]} 35... Kd7
{[%clk 0:01:00]} 36. Rxc5 {[%clk 0:08:13]} 36... Ke8 {[%clk 0:01:26]} 37. Raa5
{[%clk 0:06:56]} 37... Rxf4 {[%clk 0:00:57]} 38. Qxh7 {[%clk 0:07:13]} 38...
Kf8 {[%clk 0:00:50]} 39. Rab5 {[%clk 0:06:42]} 39... Qa7 {[%clk 0:00:54]} 40.
Qh3 {[%clk 0:02:50]} 40... Rb4 {[%clk 0:00:43]} 41. Kh2 {[%clk 0:01:18]} 41...
Ng6 {[%clk 0:24:42]} 42. Qf3 {[%clk 0:30:06]} 42... Rf4 {[%clk 0:23:07]} 43.
Qc3 {[%clk 0:23:33]} 43... Rxg4 {[%clk 0:20:16]} 44. Rc8 {[%clk 0:23:14]} 44...
Rh4+ {[%clk 0:17:49]} 45. Kg3 {[%clk 0:23:12]} 45... Qe7 {[%clk 0:15:37]} 46.
Rxd8+ {[%clk 0:21:57]} 46... Qxd8 {[%clk 0:15:28]} 47. Qe3 {[%clk 0:18:36]}
47... Rf4 {[%clk 0:13:59]} 48. Kh2 {[%clk 0:17:20]} 48... Kg8 {[%clk 0:13:56]}
49. Qg3 {[%clk 0:09:37]} 49... Rh4+ {[%clk 0:13:00]} 50. Bh3 {[%clk 0:07:23]}
50... Qd2+ {[%clk 0:10:43]} 51. Qg2 {[%clk 0:01:30]} 51... Qd3 {[%clk 0:09:43]}
52. Rb8+ {[%clk 0:00:37]} 52... Kh7 {[%clk 0:10:12]} 53. Qg3 {[%clk 0:00:37]}
53... Qe2+ {[%clk 0:10:36]} 54. Kg1 {[%clk 0:00:43]} 54... Qh5 {[%clk 0:08:18]}
55. Bf1 0-1

[Event "ODJM B 2018"]
[Site "Willingen GER"]
[Date "2018.05.20"]
[Round "2"]
[White "Knerr, Sebastian"]
[Black "Reyher, Susan"]
[Result "1/2-1/2"]
[Termination "normal"]
[Board "12"]
[WhiteElo "1742"]
[BlackElo "1759"]
[WhiteClock "01:08:52"]
[BlackClock "00:51:57"]
[PlyCount "52"]
[WhiteFideId "16266013"]
[BlackFideId "24686107"]
[EventCountry "GER"]
[EventRounds "9"]
[EventType "swiss"]
[EventDate "2018.05.19"]

1. e4 {[%clk 1:30:26]} 1... e5 {[%clk 1:30:52]} 2. Nf3 {[%clk 1:30:27]} 2...
Nc6 {[%clk 1:30:43]} 3. Bc4 {[%clk 1:30:25]} 3... Bc5 {[%clk 1:31:02]} 4. c3 {
[%clk 1:28:26]} 4... d6 {[%clk 1:29:38]} 5. d3 {[%clk 1:27:33]} 5... Nf6 {
[%clk 1:29:49]} 6. Be3 {[%clk 1:27:34]} 6... Bb6 {[%clk 1:30:01]} 7. Nbd2 {
[%clk 1:27:03]} 7... Ne7 {[%clk 1:29:10]} 8. h3 {[%clk 1:25:32]} 8... Ng6 {
[%clk 1:29:23]} 9. Qb3 {[%clk 1:24:32]} 9... O-O {[%clk 1:29:05]} 10. Ng5 {
[%clk 1:24:33]} 10... Qe7 {[%clk 1:28:48]} 11. h4 {[%clk 1:24:35]} 11... h6 {
[%clk 1:28:41]} 12. h5 {[%clk 1:24:00]} 12... Nf4 {[%clk 1:27:12]} 13. Bxf4 {
[%clk 1:23:22]} 13... exf4 {[%clk 1:27:17]} 14. Nh3 {[%clk 1:21:16]} 14... Nxh5
{[%clk 1:25:04]} 15. O-O-O {[%clk 1:21:11]} 15... Bg4 {[%clk 1:15:12]} 16. f3 {
[%clk 1:15:41]} 16... Bd7 {[%clk 1:12:32]} 17. d4 {[%clk 1:15:28]} 17... c5 {
[%clk 1:07:46]} 18. d5 {[%clk 1:13:34]} 18... Rab8 {[%clk 1:02:05]} 19. Bd3 {
[%clk 1:10:58]} 19... Bc7 {[%clk 0:58:47]} 20. Bb1 {[%clk 1:09:53]} 20... b5 {
[%clk 0:58:48]} 21. Rde1 {[%clk 1:09:47]} 21... b4 {[%clk 0:58:03]} 22. c4 {
[%clk 1:10:02]} 22... Qe5 {[%clk 0:56:34]} 23. Nf2 {[%clk 1:09:20]} 23... Ng3 {
[%clk 0:55:08]} 24. Nd3 {[%clk 1:09:34]} 24... Qg5 {[%clk 0:53:59]} 25. Rhg1 {
[%clk 1:09:29]} 25... f6 {[%clk 0:51:57]} 26. Nf1 {[%clk 1:08:52]} 26... Rb6
1/2-1/2

[Event "ODJM B 2018"]
[Site "Willingen GER"]
[Date "2018.05.20"]
[Round "2"]
[White "Kovac, Linda"]
[Black "Strack, Patrick"]
[Result "1-0"]
[Termination "normal"]
[Board "13"]
[WhiteElo "1629"]
[BlackElo "1742"]
[PlyCount "75"]
[WhiteFideId "12938815"]
[BlackFideId "16266021"]
[EventCountry "GER"]
[EventRounds "9"]
[EventType "swiss"]
[EventDate "2018.05.19"]

1. d4 d5 2. Nf3 Nf6 3. Bf4 e6 4. e3 c5 5. c4 Nc6 6. a3 cxd4 7. exd4 Be7 8. Nc3
a6 9. Rc1 O-O 10. Be2 dxc4 11. Bxc4 b5 12. Ba2 Bb7 13. O-O Rc8 14. Re1 b4 15.
axb4 Nxb4 16. Ne5 Nxa2 17. Nxa2 Bxg2 18. Rxc8 Qxc8 19. Kxg2 Qb7+ 20. Kg1 Qxb2
21. Re2 Qb7 22. Rc2 Nd5 23. Bg3 Rd8 24. Nc6 Rd7 25. Qc1 Bd6 26. Bxd6 Rxd6 27.
Na5 Qe7 28. Nb7 Rd7 29. Rc8+ Qf8 30. Rxf8+ Kxf8 31. Qa3+ Ke8 32. Qxa6 Nf4 33.
Qc4 e5 34. Qb5 Ne6 35. Nc5 Nxc5 36. dxc5 Kd8 37. Qb8+ Ke7 38. Qxe5+ 1-0

[Event "ODJM B 2018"]
[Site "Willingen GER"]
[Date "2018.05.20"]
[Round "2"]
[White "Yeremyan, Nazik"]
[Black "Grob, Marvin"]
[Result "1/2-1/2"]
[Termination "normal"]
[Board "14"]
[WhiteElo "1681"]
[BlackElo "1774"]
[PlyCount "47"]
[WhiteFideId "13311468"]
[BlackFideId "16247817"]
[EventCountry "GER"]
[EventRounds "9"]
[EventType "swiss"]
[EventDate "2018.05.19"]

1. d4 Nf6 2. c4 e6 3. Nc3 Bb4 4. e3 O-O 5. Bd3 d5 6. Nf3 b6 7. O-O Bb7 8. a3
Be7 9. b3 Nbd7 10. Bb2 c5 11. Rc1 Rc8 12. Re1 h6 13. h3 Ne4 14. cxd5 exd5 15.
Bxe4 dxe4 16. Nd2 f5 17. Nc4 Nf6 18. Ne5 cxd4 19. exd4 Nd5 20. Nxd5 Qxd5 21.
Ng6 Bg5 22. h4 Qd6 23. hxg5 Qxg6 24. gxh6 1/2-1/2

[Event "ODJM B 2018"]
[Site "Willingen GER"]
[Date "2018.05.20"]
[Round "2"]
[White "Schmidt, Arne"]
[Black "Wichert, Eddi"]
[Result "1/2-1/2"]
[Termination "normal"]
[Board "15"]
[WhiteElo "1727"]
[BlackElo "1599"]
[PlyCount "98"]
[WhiteFideId "16263154"]
[BlackFideId "16266048"]
[EventCountry "GER"]
[EventRounds "9"]
[EventType "swiss"]
[EventDate "2018.05.19"]

1. Nf3 d5 2. g3 Nc6 3. Bg2 e5 4. d3 Be6 5. O-O Bc5 6. Nbd2 Nf6 7. Ng5 Qd7 8.
Nxe6 fxe6 9. e4 O-O-O 10. a4 h5 11. Nb3 Bd6 12. f4 exf4 13. gxf4 dxe4 14. d4
Ne7 15. c4 Nf5 16. a5 a6 17. Nd2 Nxd4 18. Nxe4 Nxe4 19. Bxe4 Bc5 20. Kh1 Nf5
21. Qf3 c6 22. b3 Qc7 23. Bb2 Bd4 24. Bc3 c5 25. Rab1 Nd6 26. Bc2 Bxc3 27. Qxc3
Nf5 28. Be4 Nd4 29. b4 cxb4 30. Rxb4 Nc6 31. Rb6 Rd7 32. Rfb1 Rhd8 33. Qf3 Nxa5
34. Bxb7+ Nxb7 35. Rxb7 Rd1+ 36. Rxd1 Rxd1+ 37. Qxd1 Qxb7+ 38. Kg1 Qb6+ 39. Kg2
Qc6+ 40. Kg3 h4+ 41. Kxh4 Qxc4 42. Qd6 Kb7 43. Qe5 Kb6 44. Qb8+ Kc5 45. Qe5+
Kb4 46. Qe1+ Kb3 47. Qd1+ Kb2 48. Qd2+ Qc2 49. Qb4+ Kc1 1/2-1/2

[Event "ODJM B 2018"]
[Site "Willingen GER"]
[Date "2018.05.20"]
[Round "2"]
[White "Fromm, Johannes"]
[Black "Ljuca, Rijad"]
[Result "1-0"]
[Termination "normal"]
[Board "16"]
[WhiteElo "1705"]
[BlackElo "1441"]
[PlyCount "57"]
[WhiteFideId "12993204"]
[BlackFideId "16216121"]
[EventCountry "GER"]
[EventRounds "9"]
[EventType "swiss"]
[EventDate "2018.05.19"]

1. Nf3 d5 2. c4 e6 3. g3 Nf6 4. Bg2 c6 5. O-O Nbd7 6. Nc3 dxc4 7. a4 Nd5 8. Ne1
Nc5 9. Nc2 Be7 10. Ne3 Nxe3 11. dxe3 O-O 12. Qc2 Qb6 13. Bd2 Qb3 14. Rac1 Rd8
15. a5 Qxc2 16. Rxc2 Nb3 17. Nb1 Bd7 18. Rxc4 Be8 19. Bc3 Rd7 20. a6 bxa6 21.
Rg4 Rc7 22. Rxg7+ Kf8 23. Rxh7 f5 24. Be5 Rb7 25. Rh8+ Kf7 26. Bxc6 Bxc6 27.
Rxa8 Rb5 28. Rc8 Bb7 29. Rc7 1-0

[Event "ODJM B 2018"]
[Site "Willingen GER"]
[Date "2018.05.20"]
[Round "2"]
[White "Kublanov, Carolin"]
[Black "Rösch, Felix"]
[Result "1/2-1/2"]
[Termination "normal"]
[Board "17"]
[WhiteElo "1750"]
[BlackElo "1487"]
[PlyCount "74"]
[WhiteFideId "12944548"]
[BlackFideId "12972363"]
[EventCountry "GER"]
[EventRounds "9"]
[EventType "swiss"]
[EventDate "2018.05.19"]

1. e4 e5 2. Nf3 Nc6 3. Bc4 Nf6 4. d3 Bc5 5. Bg5 O-O 6. Nc3 Re8 7. Nd5 Na5 8.
Nxf6+ gxf6 9. Bh6 Nxc4 10. Nh4 d5 11. Nf5 Bxf5 12. exf5 Kh8 13. dxc4 dxc4 14.
Qg4 Rg8 15. Qxc4 Qd4 16. Qxd4 Bxd4 17. c3 Bc5 18. g3 Rad8 19. Ke2 Rd7 20. Rad1
Rgd8 21. Be3 Bxe3 22. fxe3 Rxd1 23. Rxd1 Rxd1 24. Kxd1 Kg7 25. h4 Kf8 26. Ke2
e4 27. g4 Ke7 28. Kf2 Kd6 29. Kg3 Ke5 30. h5 h6 31. b3 b5 32. Kf2 a5 33. Ke2 a4
34. bxa4 bxa4 35. c4 Kd6 36. Kd2 Kc6 37. Kc2 Kb6 1/2-1/2

[Event "ODJM B 2018"]
[Site "Willingen GER"]
[Date "2018.05.20"]
[Round "2"]
[White "Oberhofer, Marie"]
[Black "Hungeling, David"]
[Result "1-0"]
[Termination "normal"]
[Board "18"]
[WhiteElo "1751"]
[BlackElo "1442"]
[PlyCount "59"]
[WhiteFideId "12938165"]
[BlackFideId "16222440"]
[EventCountry "GER"]
[EventRounds "9"]
[EventType "swiss"]
[EventDate "2018.05.19"]

1. e4 e6 2. d4 d5 3. e5 c5 4. c3 Nc6 5. Nf3 Qb6 6. a3 Bd7 7. b4 cxb4 8. cxb4 a6
9. Be3 Nge7 10. Nc3 Nf5 11. Bd3 Nxe3 12. fxe3 Be7 13. O-O Rc8 14. Na4 Qa7 15.
Nc5 b5 16. Rc1 O-O 17. Nd2 Bg5 18. Qf3 Nxd4 19. exd4 Bxd2 20. Rcd1 Bh6 21. Qg4
Be8 22. Rf6 Kh8 23. Nxe6 gxf6 24. Nxf8 Bxf8 25. Qf5 Qxd4+ 26. Kh1 Qh4 27. Qxc8
Qh5 28. Re1 Qh4 29. g3 Qd4 30. Qf5 1-0

[Event "ODJM B 2018"]
[Site "Willingen GER"]
[Date "2018.05.20"]
[Round "2"]
[White "Fuchs, Florian"]
[Black "Schilay, Maria"]
[Result "0-1"]
[Termination "normal"]
[Board "20"]
[WhiteElo "1661"]
[BlackElo "1354"]
[PlyCount "60"]
[WhiteFideId "16213351"]
[BlackFideId "12942979"]
[EventCountry "GER"]
[EventRounds "9"]
[EventType "swiss"]
[EventDate "2018.05.19"]

1. e4 e5 2. Nc3 Nc6 3. g3 Nf6 4. Bg2 Be7 5. Nge2 d6 6. d3 Be6 7. Be3 Qd7 8. h3
O-O-O 9. d4 exd4 10. Nxd4 Rhe8 11. f4 g6 12. g4 Kb8 13. Qd3 Qc8 14. a4 Bd7 15.
a5 a6 16. f5 Ne5 17. Qe2 c5 18. Nf3 Nxf3+ 19. Bxf3 Bc6 20. g5 Nd7 21. f6 Bf8
22. Rb1 Ne5 23. b4 Nxf3+ 24. Qxf3 cxb4 25. Rxb4 d5 26. Rb6 d4 27. Bf4+ Ka8 28.
Qg4 dxc3 29. Qh4 Rxe4+ 30. Kf1 Rd1+ 0-1

[Event "ODJM B 2018"]
[Site "Willingen GER"]
[Date "2018.05.20"]
[Round "2"]
[White "Stülcken, Philipp"]
[Black "Plum, Paul"]
[Result "1/2-1/2"]
[Termination "normal"]
[Board "21"]
[WhiteElo "1399"]
[BlackElo "1601"]
[PlyCount "60"]
[WhiteFideId "12986232"]
[BlackFideId "16225678"]
[EventCountry "GER"]
[EventRounds "9"]
[EventType "swiss"]
[EventDate "2018.05.19"]

1. e4 e5 2. Nf3 Nc6 3. Bc4 Bc5 4. d3 d6 5. c3 Nf6 6. O-O O-O 7. Nbd2 Be6 8. Bb3
Bxb3 9. Qxb3 a6 10. Nc4 b5 11. Ne3 Bxe3 12. Bxe3 Ne7 13. Bg5 Ng6 14. Nh4 Nf4
15. Bxf4 exf4 16. Nf3 Qd7 17. Rfe1 c5 18. Qc2 d5 19. Rad1 Rfe8 20. Nd2 Qe6 21.
b3 dxe4 22. dxe4 Rad8 23. f3 Qb6 24. c4 Rd4 25. Kf2 Red8 26. Kf1 Qd6 27. Re2
Rd3 28. e5 Qd4 29. exf6 gxf6 30. cxb5 axb5 1/2-1/2

[Event "ODJM B 2018"]
[Site "Willingen GER"]
[Date "2018.05.20"]
[Round "2"]
[White "Stork, Christopher"]
[Black "Mainka, Irmin"]
[Result "0-1"]
[Termination "normal"]
[Board "22"]
[WhiteElo "1715"]
[BlackElo "1415"]
[PlyCount "40"]
[WhiteFideId "16215400"]
[BlackFideId "16248457"]
[EventCountry "GER"]
[EventRounds "9"]
[EventType "swiss"]
[EventDate "2018.05.19"]

1. e4 e5 2. Nf3 Nc6 3. d4 exd4 4. Nxd4 Bc5 5. Be3 Bb6 6. Nxc6 bxc6 7. Bxb6 cxb6
8. Nc3 Bb7 9. Qd6 Ne7 10. O-O-O O-O 11. Qxd7 Rb8 12. Be2 c5 13. Qg4 Qe8 14. h4
Nc6 15. h5 h6 16. Nd5 Kh8 17. Qf4 Nd4 18. Bd3 Bxd5 19. exd5 Qa4 20. c3 Ne2+ 0-1

[Event "ODJM B 2018"]
[Site "Willingen GER"]
[Date "2018.05.20"]
[Round "2"]
[White "Weber, Tom"]
[Black "Grunert, Wilhelm"]
[Result "0-1"]
[Termination "normal"]
[Board "23"]
[WhiteElo "1433"]
[BlackElo "1607"]
[PlyCount "114"]
[WhiteFideId "16266064"]
[BlackFideId "12995673"]
[EventCountry "GER"]
[EventRounds "9"]
[EventType "swiss"]
[EventDate "2018.05.19"]

1. e4 c5 2. d4 Nc6 3. d5 Ne5 4. Nc3 e6 5. d6 Qb6 6. Nb5 Kd8 7. Bf4 Ng6 8. Be3
a6 9. Na3 Qxd6 10. Nc4 Qxd1+ 11. Rxd1 Nf6 12. Nb6 Rb8 13. e5 Nxe5 14. Bf4 Kc7
15. Nc4 d6 16. Nxe5 Nd5 17. Nxf7 Rg8 18. Bg3 Be7 19. c4 Rf8 20. Nxd6 Bxd6 21.
Bxd6+ Kxd6 22. cxd5 exd5 23. Bc4 Be6 24. Nf3 b5 25. Bb3 c4 26. Bc2 Bg4 27. h3
Rbe8+ 28. Kf1 Bxf3 29. gxf3 Rxf3 30. Bxh7 Kc5 31. Kg2 Ref8 32. Rd2 R3f6 33.
Rhd1 Rd6 34. Be4 d4 35. Bc2 d3 36. Bxd3 cxd3 37. Rxd3 Rxd3 38. Rxd3 b4 39. Kg3
Re8 40. Rd2 a5 41. f4 Kc4 42. Kg4 a4 43. Kg5 Re3 44. Kg4 b3 45. axb3+ axb3 46.
Rg2 Re1 47. h4 Rc1 48. Re2 Rc2 49. Re7 Rxb2 50. Rxg7 Rg2+ 51. Kf5 Rxg7 52. Kf6
Rg1 53. h5 b2 54. h6 b1=Q 55. f5 Rf1 56. Kg7 Qxf5 57. h7 Rg1+ 0-1

[Event "ODJM B 2018"]
[Site "Willingen GER"]
[Date "2018.05.20"]
[Round "2"]
[White "Frank, Cillian"]
[Black "Lehmann, Tim"]
[Result "0-1"]
[Termination "normal"]
[Board "24"]
[WhiteElo "1339"]
[BlackElo "1781"]
[PlyCount "38"]
[WhiteFideId "16245202"]
[BlackFideId "12979171"]
[EventCountry "GER"]
[EventRounds "9"]
[EventType "swiss"]
[EventDate "2018.05.19"]

1. e4 g6 2. d4 Bg7 3. Nf3 d6 4. Bc4 Nf6 5. Nc3 O-O 6. O-O c5 7. dxc5 dxc5 8.
Qxd8 Rxd8 9. Nb5 Na6 10. Bf4 Nxe4 11. Rae1 Nd6 12. Bxd6 exd6 13. Re7 d5 14. Rd1
Be6 15. Bb3 c4 16. Ba4 Nc5 17. Nc7 Rac8 18. Nxe6 fxe6 19. Ng5 Bf6 0-1

[Event "ODJM B 2018"]
[Site "Willingen GER"]
[Date "2018.05.20"]
[Round "2"]
[White "Mainka, Alwin"]
[Black "Brunner, Tobias"]
[Result "0-1"]
[Termination "normal"]
[Board "25"]
[WhiteElo "1608"]
[BlackElo "1919"]
[PlyCount "60"]
[WhiteFideId "16241177"]
[BlackFideId "12949833"]
[EventCountry "GER"]
[EventRounds "9"]
[EventType "swiss"]
[EventDate "2018.05.19"]

1. e4 d5 2. exd5 Qxd5 3. Nc3 Qa5 4. d4 c6 5. Bd2 Bf5 6. Nf3 e6 7. Bc4 Nf6 8.
O-O Nbd7 9. a3 Qc7 10. Re1 Bd6 11. h3 h6 12. Bb3 O-O-O 13. Na2 g5 14. c4 g4 15.
hxg4 Bxg4 16. d5 Ne5 17. Bc3 Rhg8 18. Bxe5 Bxe5 19. Qe2 Bf4 20. Nc3 Bh3 21. Nh4
Rg4 22. Qf3 Rxh4 23. gxh3 Nh7 24. dxc6 Ng5 25. cxb7+ Kb8 26. Qg2 Rxh3 27. Red1
Rg8 28. Kf1 Rh2 29. Nb5 Qb6 30. Qg1 Qxb7 0-1

[Event "ODJM B 2018"]
[Site "Willingen GER"]
[Date "2018.05.20"]
[Round "2"]
[White "Riegler, Moritz"]
[Black "Petri, Ben-Luca"]
[Result "0-1"]
[Termination "normal"]
[Board "26"]
[WhiteElo "1606"]
[BlackElo "1767"]
[PlyCount "92"]
[WhiteFideId "16266030"]
[BlackFideId "12947261"]
[EventCountry "GER"]
[EventRounds "9"]
[EventType "swiss"]
[EventDate "2018.05.19"]

1. e4 e5 2. Nf3 Nc6 3. Bb5 a6 4. Ba4 Nf6 5. d3 Bc5 6. O-O b5 7. Bb3 d6 8. c3
O-O 9. Bg5 h6 10. Bh4 g5 11. Bg3 Bb6 12. Re1 Re8 13. h4 g4 14. Nh2 Ne7 15. Kh1
Ng6 16. h5 Nxh5 17. Nxg4 Qg5 18. Nh2 Nxg3+ 19. fxg3 Qxg3 20. Rf1 Nf4 21. Qf3
Qxf3 22. Rxf3 Be6 23. Bxe6 Rxe6 24. g3 Rg6 25. Nd2 Ne6 26. Kg2 Kg7 27. Kf1 Rg8
28. Ke2 Kf8 29. Nhf1 Ke7 30. a4 Ng7 31. axb5 axb5 32. Ne3 Bxe3 33. Kxe3 Ne6 34.
Nf1 Rf6 35. Rxf6 Kxf6 36. Ra5 Rb8 37. Nh2 b4 38. c4 Kg5 39. Nf3+ Kg4 40. Nh4
Nd4 41. Ra7 Kxg3 42. Nf5+ Nxf5+ 43. exf5 Rc8 44. Rb7 h5 45. Rxb4 h4 46. c5 h3
0-1

[Event "ODJM B 2018"]
[Site "Willingen GER"]
[Date "2018.05.20"]
[Round "2"]
[White "Breß, Aaron"]
[Black "Kögel, Josef"]
[Result "1-0"]
[Termination "normal"]
[Board "27"]
[WhiteElo "1701"]
[BlackElo "1527"]
[PlyCount "41"]
[WhiteFideId "12996432"]
[BlackFideId "16237641"]
[EventCountry "GER"]
[EventRounds "9"]
[EventType "swiss"]
[EventDate "2018.05.19"]

1. e4 c5 2. Nf3 g6 3. d4 cxd4 4. Nxd4 Nc6 5. Nc3 Bg7 6. Be3 Nf6 7. Bc4 O-O 8.
Bb3 a5 9. a4 Ng4 10. Qxg4 Nxd4 11. Bxd4 Bxd4 12. Qg3 d6 13. O-O-O Bg7 14. h4 h5
15. Qxg6 Bd7 16. Qxh5 Qc8 17. Rd3 Bg4 18. Qg5 Kh7 19. Qxe7 Bh6+ 20. Kb1 Ra6 21.
Bxf7 1-0

[Event "ODJM B 2018"]
[Site "Willingen GER"]
[Date "2018.05.20"]
[Round "2"]
[White "Pflugradt, Natalie"]
[Black "Diegel, Jonas"]
[Result "1/2-1/2"]
[Termination "normal"]
[Board "28"]
[WhiteElo "1431"]
[BlackElo "1712"]
[PlyCount "60"]
[WhiteFideId "16212444"]
[BlackFideId "16206061"]
[EventCountry "GER"]
[EventRounds "9"]
[EventType "swiss"]
[EventDate "2018.05.19"]

1. e4 e6 2. d4 d5 3. Nc3 Bb4 4. exd5 exd5 5. Bd3 Nc6 6. a3 Ba5 7. Nge2 Bg4 8.
f3 Bh5 9. O-O Qd7 10. Be3 Nge7 11. Ng3 Bg6 12. f4 f5 13. Be2 O-O-O 14. b4 Bb6
15. Bf3 Qe6 16. Re1 Qf6 17. Nge2 Bf7 18. Na4 a6 19. c3 g5 20. Nc1 Ng6 21. Nxb6+
cxb6 22. Nd3 Rde8 23. Qe2 gxf4 24. Bxf4 Nh4 25. Qf2 Rhg8 26. Bg3 Ng6 27. Nf4
Nxf4 28. Bxf4 h5 29. Ra2 h4 30. Rae2 Rxe2 1/2-1/2

[Event "ODJM B 2018"]
[Site "Willingen GER"]
[Date "2018.05.20"]
[Round "2"]
[White "Celik, Cem"]
[Black "Hoppe, Nico"]
[Result "1-0"]
[Termination "normal"]
[Board "29"]
[WhiteElo "1800"]
[BlackElo "1612"]
[PlyCount "65"]
[WhiteFideId "16206673"]
[BlackFideId "16225520"]
[EventCountry "GER"]
[EventRounds "9"]
[EventType "swiss"]
[EventDate "2018.05.19"]

1. e4 c6 2. d4 d5 3. Nc3 dxe4 4. f3 exf3 5. Nxf3 Bg4 6. Bc4 e6 7. O-O Nf6 8.
Ne2 Be7 9. c3 Nbd7 10. h3 Bxf3 11. Rxf3 c5 12. Be3 O-O 13. Nf4 Qb6 14. Qe2 Rac8
15. Raf1 cxd4 16. cxd4 Qd6 17. Bb3 Nb6 18. Kh1 Nfd5 19. Nxd5 Nxd5 20. Bd2 Bf6
21. Bc3 Nxc3 22. bxc3 Rc7 23. Bc2 Qd5 24. Qd3 Qh5 25. Rg3 Bh4 26. Rg4 f5 27.
Rgf4 Kh8 28. Bb3 Rc6 29. Qb5 Rb6 30. Qc5 Re8 31. Bxe6 Rc6 32. Rxf5 g6 33. Qe5+
1-0

[Event "ODJM B 2018"]
[Site "Willingen GER"]
[Date "2018.05.20"]
[Round "2"]
[White "Kolb, Tobias"]
[Black "Kistner, Sinan"]
[Result "1/2-1/2"]
[Termination "normal"]
[Board "30"]
[WhiteElo "1740"]
[BlackElo "1552"]
[PlyCount "44"]
[WhiteFideId "12992321"]
[BlackFideId "16219643"]
[EventCountry "GER"]
[EventRounds "9"]
[EventType "swiss"]
[EventDate "2018.05.19"]

1. e4 c6 2. d4 d5 3. f3 dxe4 4. fxe4 e5 5. Nf3 exd4 6. Qxd4 Qxd4 7. Nxd4 Nf6 8.
e5 Ng4 9. Bf4 Bc5 10. c3 f6 11. exf6 Nxf6 12. Bc4 Nd5 13. Bxd5 cxd5 14. Nb5 Bb6
15. Bc7 Bd7 16. Bxb6 Bxb5 17. Na3 Bc6 18. Bd4 O-O 19. O-O-O Nd7 20. Nc2 b6 21.
Nb4 Bb7 22. Rhe1 Rae8 1/2-1/2

[Event "ODJM B 2018"]
[Site "Willingen GER"]
[Date "2018.05.20"]
[Round "2"]
[White "Kublanov, Elizabeth"]
[Black "Schneider, Edward"]
[Result "0-1"]
[Termination "normal"]
[Board "32"]
[WhiteElo "1579"]
[BlackElo "1768"]
[PlyCount "114"]
[WhiteFideId "12944564"]
[BlackFideId "16200870"]
[EventCountry "GER"]
[EventRounds "9"]
[EventType "swiss"]
[EventDate "2018.05.19"]

1. e4 e5 2. d4 exd4 3. Qxd4 Nc6 4. Qe3 Nf6 5. Bd2 Bb4 6. Nc3 O-O 7. O-O-O Re8
8. f3 d5 9. Qf2 d4 10. Nb5 Bc5 11. Qg3 a6 12. Nxc7 Bd6 13. Bf4 Nh5 14. Bg5 Qxc7
15. Qh4 Bf4+ 16. Bxf4 Qxf4+ 17. Qxf4 Nxf4 18. g3 Ng6 19. Ne2 f5 20. exf5 Bxf5
21. Nxd4 Nxd4 22. Rxd4 b5 23. c4 Rac8 24. b3 Be6 25. Kb2 bxc4 26. Bxc4 Bxc4 27.
Rxc4 Rxc4 28. bxc4 Ne5 29. c5 Nd3+ 30. Kb3 Nxc5+ 31. Kb4 Nb7 32. a3 Re3 33. f4
Re2 34. Rc1 Rb2+ 35. Ka4 Rb5 36. Rc8+ Kf7 37. Rc7+ Ke8 38. Rxb7 Rxb7 39. Ka5
Rb2 40. Kxa6 Ra2 41. Kb5 Rxa3 42. Kc5 Ra2 43. h3 Rh2 44. Kd5 Rxh3 45. g4 Rh4
46. Ke5 Rxg4 47. Kf5 h5 48. Ke5 h4 49. f5 h3 50. f6 gxf6+ 51. Kxf6 h2 52. Kf5
Rg2 53. Ke5 h1=Q 54. Kd4 Re2 55. Kc3 Qd1 56. Kb4 Qb1+ 57. Ka4 Ra2# 0-1

[Event "ODJM B 2018"]
[Site "Willingen GER"]
[Date "2018.05.20"]
[Round "2"]
[White "Färber, Sophie"]
[Black "Garbuz, Nicole"]
[Result "0-1"]
[Termination "normal"]
[Board "33"]
[WhiteElo "1421"]
[BlackElo "1679"]
[PlyCount "92"]
[WhiteFideId "16239121"]
[BlackFideId "12990701"]
[EventCountry "GER"]
[EventRounds "9"]
[EventType "swiss"]
[EventDate "2018.05.19"]

1. e4 e5 2. Nf3 Nc6 3. Bc4 Nf6 4. Ng5 d5 5. exd5 b5 6. dxc6 bxc4 7. Qe2 Qd5 8.
O-O Bd6 9. Nc3 Qxc6 10. f4 O-O 11. Nge4 Nxe4 12. Nxe4 exf4 13. Nxd6 Qxd6 14.
Qxc4 Ba6 15. Qxf4 Bxf1 16. Qxd6 cxd6 17. Kxf1 Rfe8 18. b3 Re6 19. Bb2 Rae8 20.
Bd4 a6 21. Be3 f5 22. g3 h6 23. Kg1 g5 24. Rf1 Rf8 25. Bd4 f4 26. Kg2 Re2+ 27.
Rf2 f3+ 28. Kf1 Rxf2+ 29. Kxf2 g4 30. Be3 h5 31. Kf1 Kf7 32. b4 Rb8 33. c3 Ke6
34. a4 Kd5 35. a5 Kc4 36. Kf2 d5 37. Kg1 Kd3 38. Kf2 Kc4 39. Ke1 Rb7 40. Kf2
Rh7 41. Bg5 d4 42. Bf6 dxc3 43. dxc3 Rh6 44. Bd4 Re6 45. Kf1 Re2 46. Kg1 Re1+
0-1